logo

Bir Sreshtho Munshi Abdur Rouf Library
Jhenaidah Cadet College

The strategy of life / (Record no. 412)

MARC details
000 -LEADER
fixed length control field 00621nam a2200229 a 4500
001 - CONTROL NUMBER
JCCL Control Number 412
003 - CONTROL NUMBER IDENTIFIER
JCCL marc code BD-JhCC
005 - DATE AND TIME OF LATEST TRANSACTION
control field 20171004190943.0
008 - FIXED-LENGTH DATA ELEMENTS--GENERAL INFORMATION
fixed length control field 171004s1965 uka|||| |||| 001 0 eng d
035 ## - SYSTEM CONTROL NUMBER
system control number (BD-JhCC)412
040 ## - CATALOGING SOURCE
Original cataloging agency BD-JhCC
Modifying agency BD-JhCC
041 ## - LANGUAGE CODE
Language code of Book eng
082 ## - DEWEY DECIMAL CLASSIFICATION NUMBER
Classification number 570.1
Author mark and Year GRO 1965
100 ## - MAIN ENTRY--PERSONAL NAME
Personal name Grobstein, Clifford
245 ## - TITLE STATEMENT
Title The strategy of life /
Statement of responsibility, etc Clifford Grobstein
260 ## - PUBLICATION, DISTRIBUTION, ETC. (IMPRINT)
Place of publication, distribution, etc San Francisco,
-- London :
Name of publisher, distributor, etc W. H. Freeman and Company,
Date of publication, distribution, etc 1965.
300 ## - PHYSICAL DESCRIPTION
Pagination viii, 118 p. :
Other physical details ill. ;
Dimensions 22 cm.
504 ## - BIBLIOGRAPHY, ETC. NOTE
Bibliography, etc Includes Index.
650 ## - SUBJECT ADDED ENTRY--TOPICAL TERM
Topical term or geographic name as entry element Life (Biology).
942 ## - ADDED ENTRY ELEMENTS (KOHA)
Source of classification or shelving scheme Dewey Decimal Classification
Koha item type Books
Holdings
Source of classification or shelving scheme Damaged status Not for loan Home library Current library Shelving location Date of accession Total Checkouts Full call number Barcode Date last seen Copy number Koha item type
Dewey Decimal Classification     JCC Rouf Library JCC Rouf Library General Stacks 10/04/2017   570.1 GRO 1965 964 10/04/2017 C-1 Books

JCC Library | Contacts | JCC Home

Last Update on 23 September 2017
Copyright @ 2017-2020 JCC Rouf Library
Rouf Library, Jhenidah Cadet College (JCC), Bangladesh